|
วิทยาลัยพยาบาลบรมราชชนนี ยะลา |
|
แสดงรายละเอียดบรรณานุกรม |
|
|
Brief Record
: Get Marc (ISO 2709)
: E-mail record
: |
|
|
|
| LEADER 00000nam 2200000uu 4500 | |||
| 001 3843 | |||
| 003 ULIBM | |||
| 008 260410s2562||||th 000 0 tha d | |||
| 020 ^a9786160833993 | |||
| 050 4 ^aHD62.5^bก412ก | |||
| 100 0 ^aกัลยารัตน์ ธีระธนชัยกุล | |||
| 245 10 ^aการเป็นผู้ประกอบการและการสร้างธุรกิจใหม่/^cกัลยารัตน์ ธีระธนชัยกุล | |||
| 250 ^aพิมพ์ครั้งที่ 1 | |||
| 260 ^aกรุงเทพฯ :^bซีเอ็ดยูเคชั่น,^c2562. | |||
| 300 ^a352หน้า :^bภาพประกอบ;^c24 ซม. | |||
| 650 7 ^aการจัดการธุรกิจ | |||
| 650 7 ^aผู้ประกอบการ | |||
| 999 ^aฮัซวานี | |||
| คุณยังไม่ได้ล็อกอิน คุณสามารถมีกิจกรรมร่วมกับเว็บไซต์ได้ แต่ต้องล็อกอินก่อน :: |
|
| สถานะ | |||||||||
| 1. | หนังสือทั่วไป | HD62.5 ก412ก 2562 ฉ.1 | ►หนังสือทั่วไปภาษาไทย | On Shelf | |||||
| 2. | หนังสือทั่วไป | HD62.5 ก412ก 2562 ฉ.2 | ►หนังสือทั่วไปภาษาไทย | On Shelf | |||||
| 3. | หนังสือทั่วไป | HD62.5 ก412ก 2562 ฉ.3 | ►หนังสือทั่วไปภาษาไทย | On Shelf | |||||
| [แสดง 3/3 รายการ] | |||||||||
| รายการใกล้เคียง หัวเรื่อง [การจัดการธุรกิจ] |
BibComment |
| คอมเมนท์ทรัพยากรรายการนี้ |
|
|